Statistics for Countries with TH in their name

Click here to take the quiz!

General Stats

  • This quiz has been taken 98 times
  • The average score is 8 of 12

Answer Stats

Answer% Correct
Thailand
92%
South Africa
87%
South Korea
86%
South Sudan
77%
North Korea
73%
Lithuania
70%
Ethiopia
66%
Netherlands
64%
Lesotho
52%
Democratic Republic of the Congo
43%
Republic of the Congo
41%
Saint Vincent and the Grenadines
34%

Score Distribution

Percentile by Number Answered

Percent of People with Each Score

Your Score History

You have not taken this quiz